000
00394 a2200133 4500
000
nam a22 7a 4500
100
_a
सुरेंद्र कटारिया
110
_a
सुरेंद्र कटारिया
245
_a
भारतीये लोक प्रशासन
250
_a
latest edition
260
_b
RBSA
_c
2024
264
_b
RBSA
_c
2024
942
_c
BK
999
_c
395279
_d
395279